书目信息 |
| 题名: |
艺术品和图书, 档案保养法
|
|
| 作者: | 徐毓明 编著 | |
| 分册: | ||
| 出版信息: | 北京 科学普及出版社 1985 |
|
| 页数: | 186页 | |
| 开本: | 19cm | |
| 丛书名: | ||
| 单 册: | ||
| 中图分类: | G253.6 | |
| 科图分类: | ||
| 主题词: | 艺术-作品--保护 , 图书保护 , 档案保护 , 作品-艺术--保护 , 图书馆学 , 图书馆事业 | |
| 电子资源: | ||
| ISBN: | ||
| 000 | 00758nam0 2200289 45 | |
| 001 | 0185003129 | |
| 005 | 20061028151111.18 | |
| 010 | @dCNY0.78 | |
| 091 | @aCN@b8501.1061 | |
| 100 | @a19900816d1985 em y0chiy0121 ea | |
| 101 | 0 | @achi |
| 102 | @aCN@b110000 | |
| 105 | @ay z 000yy | |
| 200 | 10 | @a艺术品和图书, 档案保养法@Ayi shu pin he tu shu , dang an bao yang fa@f徐毓明编著 |
| 210 | @a北京@c科学普及出版社@d1985 | |
| 215 | @a186页@d19cm | |
| 606 | @a艺术-作品@x保护 | |
| 606 | @a图书保护 | |
| 606 | @a档案保护 | |
| 606 | @a作品-艺术@x保护 | |
| 606 | 0 | @a图书馆学 |
| 606 | 0 | @a图书馆事业 |
| 690 | @aG253.6@v3 | |
| 701 | 0 | @a徐毓明@Axu yu ming@4编著 |
| 801 | 2 | @aCN@bNLC@c20061028 |
| 801 | 0 | @aCN@bTSSF |
| 905 | @a10447@dG253.6@e43 | |
| 艺术品和图书, 档案保养法/徐毓明编著.-北京:科学普及出版社,1985 |
| 186页;19cm |
| ISBN :CNY0.78 |
| ● |
| 相关链接 |
|
|
|
|
正题名:艺术品和图书, 档案保养法
索取号:G253.6/43
 
预约/预借
| 序号 | 登录号 | 条形码 | 馆藏地/架位号 | 状态 | 备注 |
| 1 | 0219482 | 000503342 | 第一样本阅览室/ [索取号:G253.6/43] | 在馆 |